000
00335nam a22001457a 4500
003
ASAB
005
20180827062605.0
008
151231t xxu||||| |||| 00| 0 eng d
020
_a
969-8893-00-8
040
_c
ASAB
100
_a
S. khalid mahmood
_9
1422
245
_a
spotlight on world cup 2003
300
_a
185
942
_2
ddc
_c
BK
999
_c
479929
_d
479929